000 01142njm a22002777a 4500
005 20100830143451.0
007 sd ammalaaahaa
008 100830t xxu||||| |||| 00| 0 hin d
028 _aN. 92508
_bHis Master's Voice
028 _aOJW. 2077
_bHis Master's Voice
028 _aOJW. 2077
_bHis Master's Voice
035 _aGR-272
040 _aSED/VEN
100 _917458
_aUstad Ali Akbar Khan
245 _aSrod gat-chandrnandan blanpat part 1 /
_cby Ustad Ali Akbar Khan
_h[Sound recording] :
_b
246 _aसरोद गत-चंद्र्नंदन बिलाम्पत (उस्ताद अली अकबर खान)
260 _aDum Dum, India
_bHis Master Voice
300 _a1 Sound disc [Gramophone Record] :
_banlog, 33 1/3 rpm
_c10 in (LP)
_fGramophone Records
500 _aBrief record
505 _aSrod gat-chandrnandan drut (सरोद गत-चंद्र्नंदन द्रुत) भाग 2
650 _aClasical music
_91186
_zIndia
_xExcerpts
700 _917459
700 _917597
942 _2ddc
_cGR
999 _c43303
_d43303